000 00495nam a2200169Ia 4500
003 LK-CoDNM
008 140723t2021 xxu||||| |||| 00| 1 sin d
020 _a
_a9786245577040
040 _aLK-CoDNM
_dLK-CoDNM
_eLK-CoDNM
041 _asin
080 _a070
_bDIS
100 _aදිසානායක, ශාන්ති
_vDissanayaka,Shanthi
245 _aකැදැල්ලක නෙත
246 _aKedellaka Netha
260 _bReeding Planat Publisher
_aPannipitiya
_c2021
942 _cBK
999 _c80277
_d80277